000 01540nam2a22002171 4500
001 RU\NLR\A1SV\65560
005 20251203152403.2
035 _a(NLR Aleph) 009747220
090 _a13481973
_c13481973
100 _a20050920d1926 u y0rusy50 ca
101 0 _arus
200 1 _aСтроительная биомеханика
215 _a10, 212 с.
_cил.
320 _aБиблиогр.: с.211-212
327 1 _a1. Биостатика сооружения человеч. организма
_a2. Сопротивление биолог. материалов
461 0 _1001RU\NLR\A1SV\65559
_12000#$aОсновы биомеханики физических увечий и механических повреждений при производствах$eПроф. производ. травматизм, крушение физ. склада рабочего при производствах$vЧ.1
_1700#1$aКоган$bГ.А.$f1862-$cврач, биомеханика$3RU\NLR\AUTH\770226934$gГригорий Абрамович
_99966455
_aКоган, Г. А. (врач, биомеханика ; 1862-)
_c[Л.]
_d1926
_nНаука и шк.
_oПроф. производ. травматизм, крушение физ. склада рабочего при производствах
_tОсновы биомеханики физических увечий и механических повреждений при производствах
_vЧ.1
801 0 _aRU
_bNLR
_c20050920
942 _cBOOK
980 _aA1SV
980 _aNB